000 00329nam a2200133Ia 4500
100 _aRajagopalan/K.S
942 _cBK
654 _aelectroplating
245 _aIntroduction to electroplating and metal finishing
260 _bColour publication pvt ltd
_aBombay
082 _a671.732
_bRAJ
300 _a255
546 _aENGLISH
999 _c25745
_d25745